000 01545nam a22003377a 4500
001 000363
003 DO-SdBNP
005 20180306134514.0
007 000363
008 160429b 2007 dr a ||||| |||| 00| 0 spa d
020 _a994544445X
040 _aBPMSU
_bspa
_cBPMSU
092 _a372.257
_bV335c 2do. [20--?]
100 _aVásquez Güichardo, Julia Mery
245 1 0 _aCiencias de la naturaleza 2 :
_b[educación básica] /
_cJulia Mery Vásquez Güichardo , Andrea Griselda Rincón Ozuna
260 _aSanto Domingo :
_bActualidad escolar 2000,
_c2007.
300 _a2v. :
_bil. ;
_c28 cm.
500 _aLa biblioteca posee libro texto y libro del maestro.
500 _aEste libro ha sido realizado de acuerdo al currículum vigente y ha sido sometido a la evaluación y aprobación del MINERD (Ministerio de Educación República Dominicana)
505 _gUnidad 1
_tAlimentos, energía y vida --
_gUnidad 2
_tEl Sol fuente de energía y vida --
_gUnidad 3
_tLos materiales y sus cambios --
_gUnidad 4
_tMovimiento y tecnología en la vida.
650 4 _aCIENCIAS NATURALES
_xENSEÑANZA BÁSICA
650 4 _aCIENCIAS NATURALES
_xEDUCACIÓN PRIMARIA
650 4 _aCIENCIAS NATURALES
_xLIBROS DE TEXTOS
650 4 _aCIENCIAS NATURALES
_xESTUDIOS Y EJERCICIOS
650 4 _aEDUCACIÓN PRIMARIA
_zREPÚBLICA DOMINICANA
700 1 2 _aRincón Ozuna, Andrea Griselda
910 _aValidado. Control de calidad MFF
942 _2ddc
_cBK
945 _aRemanejado para la BNPHU / 2018 VM
956 _aDaysi García
_210
_3BPMSU
999 _c10027
_d10027